Το παιδί και το βιβλίο : ένας οδηγός για τη σωστή επιλογή των κατάλληλων παιδικών βιβλίων για κάθε ηλικία

Αποθηκεύτηκε σε:
Λεπτομέρειες βιβλιογραφικής εγγραφής
Κύριος συγγραφέας: Gremminger, Arnold
Μορφή: Βιβλίο
Γλώσσα:Greek
Δημοσίευση: Αθήνα : Notos, 1979
Θέματα:
Ετικέτες: Προσθήκη ετικέτας
Δεν υπάρχουν, Καταχωρήστε ετικέτα πρώτοι!

MARC

LEADER 00000nam a2200000 i 4500
001 1/89550
008 930923s1979 gre d
035 |a 1989  |b 2  |c Δωρεά  |l 10035776 
040 |a GR-MY-UA  |b gre  |e aacr 
041 0 |a gre 
082 0 |a 028.162 
100 1 |a Gremminger, Arnold. 
245 1 3 |a Το παιδί και το βιβλίο :  |b ένας οδηγός για τη σωστή επιλογή των κατάλληλων παιδικών βιβλίων για κάθε ηλικία /  |c Αρνολντ Γκρέμμινγκερ 
260 |a Αθήνα :   |b Notos,   |c 1979 
300 |a 180 σ. 
500 |a Περιλαμβάνει κατάλογο 1.000 βιβλίων για παιδιά και έφηβους 
650 0 0 |a Children's literature  |x Book reviews. 
650 0 0 |a Children  |x Books and reading. 
852 |a INST  |b RHODES  |e 19930923  |h 028.162 GRE  |p 005400003124  |q 005400003124  |t BK  |y 0 
909 |a Ρ  |b 014666  |c 1989